Pachava Vetan Ayog margadarshak (Record no. 88907)

MARC details
000 -LEADER
fixed length control field 00442nam a2200169Ia 4500
008 - FIXED-LENGTH DATA ELEMENTS--GENERAL INFORMATION
fixed length control field 230125s9999 xx 000 0 und d
041 ## - LANGUAGE CODE
Language code of text/sound track or separate title eng
082 ## - DEWEY DECIMAL CLASSIFICATION NUMBER
Classification number 376
Item number GOL
100 ## - MAIN ENTRY--PERSONAL NAME
Personal name Hinge Y Y
9 (RLIN) 111980
245 ## - TITLE STATEMENT
Title Pachava Vetan Ayog margadarshak
260 ## - PUBLICATION, DISTRIBUTION, ETC. (IMPRINT)
Date of publication, distribution, etc. 1999
Name of publisher, distributor, etc. San publication
500 ## - GENERAL NOTE
Keywords Marathi book,Vetan ayog
500 ## - GENERAL NOTE
Keywords Education;Fifth pay scale
650 ## - SUBJECT ADDED ENTRY--TOPICAL TERM
Topical term or geographic name as entry element Education
700 ## - ADDED ENTRY--PERSONAL NAME
Personal name Hinge Y Y
9 (RLIN) 111980
Holdings
Withdrawn status Lost status Damaged status Not for loan Home library Current library Date acquired Vendor Cost, normal purchase price Total Checkouts Full call number Barcode Date last seen Cost, replacement price Bill Date Koha item type Original Barcode
        Smt. Hiraben Nanavati Institute of Management & Research for Women Smt. Hiraben Nanavati Institute of Management & Research for Women 16/12/1999 Ajit book department 50.00   376 GOL B01964 HIMR-BK-1964 25/01/2023 50.00 22/12/1999 Books B01964